[Event "Oberliga Ost-A 1718"]
[Site "Germany"]
[Date "2018.02.25"]
[Round "8.8"]
[White "Nguyen, Alex Dac Vuong"]
[Black "Klyszcz, Michael"]
[Result "1-0"]
[WhiteElo "2012"]
[BlackElo "1975"]
[PlyCount "87"]
[EventDate "2017.10.22"]
[EventType "team-tourn"]
[EventRounds "11"]
[EventCountry "GER"]
[SourceTitle "EXT 2019"]
[Source "ChessBase"]
[SourceDate "2018.10.10"]
[SourceVersion "1"]
[SourceVersionDate "2018.10.10"]
[SourceQuality "1"]
[WhiteTeam "Leipzig SG II"]
[BlackTeam "Loeberitz"]
[WhiteTeamCountry "GER"]
[BlackTeamCountry "GER"]

1. e4 d5 2. exd5 Qxd5 3. Nc3 Qa5 4. d4 Nf6 5. Bc4 c6 6. Bd2 Bf5 7. Nf3 e6 8. Qe2 Bb4 9. a3 Bxc3 10. Bxc3 Qc7 11. 0-0 Nbd7 12. Bd3 Bxd3 13. Qxd3 0-0 14. Rad1 Rfe8 15. b3 Rad8 16. Bb2 Qf4 17. Rfe1 Nc5 18. Qe2 Ncd7 19. c4 Qc7 20. Qd3 h6 21. a4 a6 22. h3 Qd6 23. Re3 Qb4 24. Qc2 Qd6 25. Red3 Qb8 26. R3d2 Qf4 27. Rd3 Qc7 28. R3d2 Qf4 29. Rd3 Qc7 30. g3 Qb8 31. Ne5 Qc7 32. Qe2 Nb6 33. Ba3 Nc8 34. Qf3 Nd6 35. g4 Nde4 36. Re1 Ng5 37. Qg2 Nd7 38. Nxd7 Rxd7 39. h4 Nh7 40. Qf3 Qd8 41. d5 cxd5 42. cxd5 Qxh4 43. dxe6 Nf6 44. Rxd7 1-0

[Event "Oberliga Ost-A 1617"]
[Site "Germany"]
[Date "2017.04.23"]
[Round "9.8"]
[White "Klyszcz, Michael"]
[Black "Will, Matthias"]
[Result "1/2-1/2"]
[WhiteElo "1971"]
[BlackElo "2024"]
[PlyCount "55"]
[EventDate "2016.10.16"]
[EventType "team-tourn"]
[EventRounds "11"]
[EventCountry "GER"]
[SourceTitle "EXT 2018"]
[Source "ChessBase"]
[SourceDate "2017.10.13"]
[SourceVersion "1"]
[SourceVersionDate "2017.10.13"]
[SourceQuality "1"]
[WhiteTeam "Loeberitz"]
[BlackTeam "Naumburg"]
[WhiteTeamCountry "GER"]
[BlackTeamCountry "GER"]

1. d4 f5 2. Nf3 Nf6 3. c4 g6 4. Nc3 Bg7 5. Bf4 d6 6. e3 0-0 7. c5 c6 8. Qb3+ d5 9. Be2 h6 10. h3 g5 11. Bh2 Ne4 12. Ne5 Kh7 13. f3 Nxc3 14. Qxc3 Nd7 15. Nd3 Nf6 16. g4 Be6 17. Be5 Nd7 18. Bxg7 Kxg7 19. 0-0-0 b6 20. h4 fxg4 21. fxg4 Nf6 22. Rdg1 Ne4 23. Qe1 Qc7 24. Rg2 Rh8 25. hxg5 hxg5 26. Rh5 Bf7 27. Rxh8 Rxh8 28. Bf3 1/2-1/2

[Event "NZL-ch op 123rd"]
[Site "Auckland"]
[Date "2016.01.10"]
[Round "9"]
[White "Klyszcz, Michael"]
[Black "Smith, Robert Wayne"]
[Result "0-1"]
[WhiteElo "1979"]
[BlackElo "2208"]
[PlyCount "58"]
[EventDate "2016.01.02"]
[EventType "swiss"]
[EventRounds "9"]
[EventCountry "NZL"]
[SourceTitle "CBM 170 Extra"]
[Source "ChessBase"]
[SourceDate "2016.02.25"]
[SourceVersion "1"]
[SourceVersionDate "2016.02.25"]
[SourceQuality "1"]

1. d4 Nf6 2. c4 e6 3. Nc3 Bb4 4. Bd2 b6 5. Nf3 Bb7 6. e3 0-0 7. Be2 Bxc3 8. Bxc3 Ne4 9. Qc2 d6 10. 0-0 f5 11. Nd2 Nxd2 12. Qxd2 Rf6 13. f4 Rg6 14. d5 Nd7 15. Bf3 Qe7 16. e4 fxe4 17. Bxe4 Rh6 18. Rae1 Re8 19. dxe6 Bxe4 20. exd7 Qxd7 21. Qd4 Rhe6 22. Rd1 R6e7 23. Rf2 Qg4 24. b4 Bc6 25. f5 Re4 26. f6 gxf6 27. Qxf6 Qxd1+ 28. Rf1 Qxf1+ 29. Qxf1 Re2 0-1

[Event "NZL-ch op 123rd"]
[Site "Auckland"]
[Date "2016.01.02"]
[Round "1"]
[White "Wastney, Scott C"]
[Black "Klyszcz, Michael"]
[Result "1-0"]
[WhiteElo "2345"]
[BlackElo "1979"]
[PlyCount "47"]
[EventDate "2016.01.02"]
[EventType "swiss"]
[EventRounds "9"]
[EventCountry "NZL"]
[SourceTitle "CBM 170 Extra"]
[Source "ChessBase"]
[SourceDate "2016.02.25"]
[SourceVersion "1"]
[SourceVersionDate "2016.02.25"]
[SourceQuality "1"]

1. e4 e6 2. d4 d5 3. Bd3 c5 4. exd5 Qxd5 5. Nc3 Qd8 6. dxc5 Bxc5 7. Nf3 Nc6 8. 0-0 Nf6 9. Qe2 h6 10. Bf4 a6 11. Rad1 Qb6 12. Ne4 Nxe4 13. Bxe4 0-0 14. c3 Re8 15. Ne5 Nxe5 16. Bxe5 Bf8 17. Rd2 g6 18. Rfd1 Qa5 19. Bb1 Bg7 20. f4 b5 21. Bxg7 Kxg7 22. Qe5+ f6 23. Rd7+ Bxd7 24. Rxd7+ 1-0

[Event "GER CupT final"]
[Site "Magdeburg"]
[Date "2014.05.10"]
[Round "1.4"]
[White "Doettling, Fabian"]
[Black "Klyszcz, Michael"]
[Result "1-0"]
[WhiteElo "2583"]
[BlackElo "1986"]
[PlyCount "55"]
[EventDate "2014.05.10"]
[EventType "team-k.o."]
[EventRounds "2"]
[EventCountry "GER"]
[SourceTitle "CBM 160 Extra"]
[Source "ChessBase"]
[SourceDate "2014.07.01"]
[SourceVersion "1"]
[SourceVersionDate "2014.07.01"]
[SourceQuality "1"]
[WhiteTeam "Baden-Baden"]
[BlackTeam "Loeberitz"]
[WhiteTeamCountry "GER"]
[BlackTeamCountry "GER"]

1. d4 e6 2. c4 f5 3. g3 Nf6 4. Bg2 Bb4+ 5. Nd2 0-0 6. Ngf3 d6 7. 0-0 Qe8 8. Nb3 d5 9. c5 b6 10. a3 Ba5 11. Bf4 Qd7 12. Ne5 Qa4 13. Nd3 Ne8 14. Nxa5 Qxa5 15. b4 Qa6 16. a4 c6 17. Qb3 Bd7 18. b5 Qc8 19. Rfc1 Qd8 20. Rab1 g5 21. cxb6 Qxb6 22. Bxg5 cxb5 23. axb5 Nc7 24. Ne5 Qd6 25. Bf4 Nxb5 26. Nxd7 Nxd4 27. Bxd6 Nxb3 28. Nxf8 1-0

[Event "Frankfurt-chA"]
[Site "Frankfurt"]
[Date "2013.05.06"]
[Round "2"]
[White "Kayser, Felix"]
[Black "Klyszcz, Michael"]
[Result "1-0"]
[WhiteElo "2183"]
[BlackElo "2029"]
[PlyCount "99"]
[EventDate "2013.04.29"]
[EventType "swiss"]
[EventRounds "7"]
[EventCountry "GER"]
[SourceTitle "EXT 2014"]
[Source "ChessBase"]
[SourceDate "2013.11.20"]
[SourceVersion "1"]
[SourceVersionDate "2013.11.20"]
[SourceQuality "1"]

1. e4 c5 2. Nc3 a6 3. a4 Nc6 4. f4 g6 5. Nf3 Bg7 6. Bc4 e6 7. 0-0 Nge7 8. Qe1 Nd4 9. Nxd4 cxd4 10. Nb1 d5 11. Bd3 dxe4 12. Bxe4 0-0 13. d3 Qc7 14. Na3 Bd7 15. a5 Bc6 16. Nc4 Rad8 17. Bd2 Bxe4 18. Qxe4 Nd5 19. Kh1 Rd7 20. Rfe1 Qc5 21. Ra3 b5 22. axb6 Nxb6 23. Bb4 Qxb4 24. Rb3 Qc5 25. Rxb6 Ra7 26. Ra1 Rfa8 27. Ra5 Qc7 28. b4 h5 29. Rc5 Qd8 30. Rcc6 Rb8 31. Rd6 Qc7 32. g3 Rxb6 33. Rxb6 Bf6 34. Kg2 Kg7 35. Kf3 Kh7 36. h3 Bg7 37. g4 hxg4+ 38. hxg4 Kg8 39. g5 Kh7 40. Ke2 Kg8 41. Kf3 Kh7 42. Qc6 Bf8 43. Qxc7 Rxc7 44. Ke4 Rd7 45. Ne5 Rc7 46. Nc6 a5 47. bxa5 Bc5 48. Ra6 Rd7 49. Ne5 Rc7 50. Rc6 1-0

[Event "Nuremberg LGA Cup 9th"]
[Site "Nuremberg"]
[Date "2012.09.09"]
[Round "6"]
[White "Schatz, Christian"]
[Black "Klyszcz, Michael"]
[Result "1-0"]
[WhiteElo "2222"]
[BlackElo "2023"]
[PlyCount "77"]
[EventDate "2012.09.06"]
[EventType "swiss"]
[EventRounds "7"]
[EventCountry "GER"]
[SourceTitle "CBM 150 Extra"]
[Source "ChessBase"]
[SourceDate "2012.10.19"]
[SourceVersion "1"]
[SourceVersionDate "2012.10.19"]
[SourceQuality "1"]

1. Nf3 f5 2. g3 Nf6 3. Bg2 e6 4. 0-0 Be7 5. d3 0-0 6. Nbd2 d6 7. e4 e5 8. exf5 Nc6 9. c3 Kh8 10. d4 e4 11. Ng5 Bxf5 12. Ndxe4 Nxe4 13. Nxe4 Qe8 14. Be3 Qg6 15. f3 h5 16. Nf2 Rae8 17. Qb3 Nd8 18. Rae1 h4 19. g4 Bc2 20. Qd5 c6 21. Qh5+ Qxh5 22. gxh5 h3 23. Bxh3 Bh4 24. Kg2 Nf7 25. Bd2 Ng5 26. Bg4 d5 27. Rxe8 Rxe8 28. Re1 Rxe1 29. Bxe1 Nf7 30. Bd2 Nd6 31. Bc1 Kh7 32. Nh3 Bb1 33. a3 Nf5 34. Ng5+ Kg8 35. Ne6 Kf7 36. Nc5 b6 37. Nd7 Ke7 38. Ne5 c5 39. Ng6+ 1-0

[Event "Nuremberg LGA Cup 9th"]
[Site "Nuremberg"]
[Date "2012.09.07"]
[Round "2"]
[White "Meinhardt, Maximilian"]
[Black "Klyszcz, Michael"]
[Result "1/2-1/2"]
[WhiteElo "2397"]
[BlackElo "2023"]
[PlyCount "73"]
[EventDate "2012.09.06"]
[EventType "swiss"]
[EventRounds "7"]
[EventCountry "GER"]
[SourceTitle "CBM 150 Extra"]
[Source "ChessBase"]
[SourceDate "2012.10.19"]
[SourceVersion "1"]
[SourceVersionDate "2012.10.19"]
[SourceQuality "1"]

1. e4 e6 2. d4 d5 3. e5 c5 4. c3 Nc6 5. Nf3 Qb6 6. a3 a5 7. Bd3 Bd7 8. 0-0 Nh6 9. Bc2 a4 10. Bxa4 Nxe5 11. dxc5 Bxc5 12. Bxd7+ Nxd7 13. b4 Be7 14. Bxh6 gxh6 15. Qd2 Bf6 16. Qxh6 Ke7 17. Ra2 Rag8 18. Re2 Rg4 19. g3 Rhg8 20. Kg2 Qc6 21. Rd1 d4 22. cxd4 Bxd4 23. h3 Bg7 24. Qc1 Rc4 25. Qg5+ Nf6 26. b5 Qc5 27. Re5 Qb6 28. Qe3 Qxe3 29. Rxe3 Bh6 30. Re2 Ra8 31. Nd4 Ke8 32. Nf5 Bf8 33. Rd3 Rc5 34. Nd4 Rd8 35. Red2 Rcd5 36. Nc3 R5d7 37. f4 1/2-1/2

[Event "Wiesbaden op 23rd"]
[Site "Wiesbaden"]
[Date "2011.08.26"]
[Round "3"]
[White "Spelleken, Hans Gerd"]
[Black "Klyszcz, Michael"]
[Result "0-1"]
[WhiteElo "1714"]
[BlackElo "2064"]
[PlyCount "136"]
[EventDate "2011.08.25"]
[EventType "swiss"]
[EventRounds "7"]
[EventCountry "GER"]
[SourceTitle "CBM 144 Extra"]
[Source "ChessBase"]
[SourceDate "2011.10.28"]
[SourceVersion "1"]
[SourceVersionDate "2011.10.28"]
[SourceQuality "1"]

1. d4 g6 2. e4 Bg7 3. Nf3 c5 4. c3 b6 5. Bc4 Bb7 6. d5 d6 7. Bf4 Nd7 8. 0-0 Ngf6 9. Re1 0-0 10. h3 a6 11. a4 Ne8 12. Qd2 Ne5 13. Nxe5 dxe5 14. Bh6 Nd6 15. Bd3 c4 16. Bc2 Qc7 17. Bxg7 Kxg7 18. Qg5 f6 19. Qg4 b5 20. Nd2 b4 21. Nf3 b3 22. Bb1 Bc8 23. Qg3 Kh8 24. Nxe5 fxe5 25. Qxe5+ Kg8 26. Qg3 Ne8 27. Qg5 Qc5 28. Re3 Ra7 29. g4 e5 30. Qxe5 Raf7 31. Qg3 Rf4 32. Kg2 Qd6 33. f3 Qc5 34. Qe1 Bb7 35. a5 Nf6 36. Ra4 Nd7 37. Rb4 Bc8 38. e5 Qxd5 39. Be4 Qxe5 40. Bxg6 Qc5 41. Bf5 Nf6 42. Re5 Qc7 43. Bxc8 Rxc8 44. Qe3 Nd7 45. Re7 Rcf8 46. Qe6+ R8f7 47. Rxf7 Rxf7 48. Rxc4 Qe5 49. Re4 Qxe6 50. Rxe6 Rf6 51. Re7 Rd6 52. Re2 Kf7 53. c4 Nc5 54. h4 Rd4 55. Kg3 Rxc4 56. f4 Rc2 57. Re5 Nd7 58. Rh5 Nf6 59. Re5 Rxb2 60. g5 Nd7 61. Rd5 Ke6 62. Rd1 Nc5 63. Kf3 Rc2 64. Re1+ Kf7 65. Ke3 b2 66. Rb1 Na4 67. Rd1 Rc1 68. Rd7+ Kg6 0-1

[Event "Berlin Lichtenberger op 10th"]
[Site "Berlin"]
[Date "2011.08.14"]
[Round "2"]
[White "Klyszcz, Michael"]
[Black "Meissner, Felix"]
[Result "0-1"]
[WhiteElo "2064"]
[BlackElo "2268"]
[PlyCount "78"]
[EventDate "2011.08.13"]
[EventType "swiss"]
[EventRounds "9"]
[EventCountry "GER"]
[SourceTitle "CBM 143 Extra"]
[Source "ChessBase"]
[SourceDate "2011.08.29"]
[SourceVersion "1"]
[SourceVersionDate "2011.08.29"]
[SourceQuality "1"]

1. Nf3 Nf6 2. g3 d5 3. Bg2 c6 4. 0-0 Bf5 5. d3 h6 6. Nbd2 e6 7. b3 Nbd7 8. Bb2 Be7 9. Ne5 Nxe5 10. Bxe5 0-0 11. e4 Bh7 12. Qe2 Re8 13. Kh1 a5 14. a4 Bb4 15. c3 Bf8 16. f4 Nd7 17. Bd4 e5 18. fxe5 Nxe5 19. Bxe5 Rxe5 20. Qf3 Bg6 21. d4 dxe4 22. Qe2 Re8 23. Rae1 c5 24. dxc5 e3 25. Nc4 Bxc5 26. Rd1 Qe7 27. Rd5 Rad8 28. Rfd1 Rxd5 29. Rxd5 b6 30. Ne5 Bf5 31. Nd3 Be6 32. Re5 Qd6 33. b4 axb4 34. cxb4 Bd4 35. Re4 Rd8 36. Nf4 Bf5 37. Nd5 Bxe4 38. Bxe4 Qe5 39. Qg4 e2 0-1

[Event "Frankfurt-ch"]
[Site "Frankfurt"]
[Date "2009.06.22"]
[Round "6"]
[White "Schwenkreis, Thomas"]
[Black "Klyszcz, Michael"]
[Result "1-0"]
[WhiteElo "2041"]
[BlackElo "2056"]
[PlyCount "51"]
[EventDate "2009.04.27"]
[EventType "tourn"]
[EventRounds "7"]
[EventCountry "GER"]
[SourceTitle "EXT 2010"]
[Source "ChessBase"]
[SourceDate "2010.11.25"]
[SourceVersion "1"]
[SourceVersionDate "2010.11.25"]
[SourceQuality "1"]

1. e4 e6 2. d4 d5 3. e5 c5 4. c3 Nc6 5. Nf3 Qb6 6. a3 a5 7. b3 Nh6 8. Bxh6 gxh6 9. Be2 Rg8 10. 0-0 Bd7 11. Ra2 cxd4 12. cxd4 Rc8 13. Qd3 Rg4 14. Rd2 Na7 15. Rc2 Rxc2 16. Qxc2 Bb5 17. Bxb5+ Qxb5 18. h3 Rg6 19. Qc7 Nc6 20. Qc8+ Nd8 21. Rc1 Qd7 22. Qa8 a4 23. bxa4 Be7 24. Rc8 Rg8 25. Nc3 Bxa3 26. Nb5 1-0

[Event "Frankfurt-ch"]
[Site "Frankfurt"]
[Date "2009.04.27"]
[Round "1"]
[White "Klyszcz, Michael"]
[Black "Schellen, Sven"]
[Result "1-0"]
[WhiteElo "2056"]
[BlackElo "1556"]
[PlyCount "77"]
[EventDate "2009.04.27"]
[EventType "tourn"]
[EventRounds "7"]
[EventCountry "GER"]
[SourceTitle "EXT 2010"]
[Source "ChessBase"]
[SourceDate "2010.11.25"]
[SourceVersion "1"]
[SourceVersionDate "2010.11.25"]
[SourceQuality "1"]

1. Nf3 Nf6 2. g3 g6 3. Bg2 Bg7 4. 0-0 0-0 5. c4 c6 6. Nc3 d5 7. cxd5 cxd5 8. d4 Nc6 9. a3 e6 10. b4 Ne4 11. Bb2 Nd6 12. e3 Nc4 13. Bc1 e5 14. Qb3 e4 15. Nd2 Nb6 16. a4 Be6 17. Rb1 Rc8 18. Ba3 Re8 19. Rfc1 Qg5 20. Nb5 Red8 21. h4 Qh6 22. a5 a6 23. axb6 axb5 24. Qd1 Bf8 25. Bf1 g5 26. hxg5 Qxg5 27. Bxb5 Bd6 28. Nf1 Bg4 29. Be2 Bxe2 30. Qxe2 Bxb4 31. Bxb4 Nxd4 32. exd4 Rxc1 33. Bd2 Rxf1+ 34. Kxf1 Qf6 35. Qg4+ Kf8 36. Rb5 Qxd4 37. Bb4+ Ke8 38. Qg8+ Kd7 39. Qxf7+ 1-0

[Event "Nuremberg LGA Cup 5th"]
[Site "Nuremberg"]
[Date "2008.09.06"]
[Round "4"]
[White "Klyszcz, Michael"]
[Black "Babichev, Vyacheslav"]
[Result "1-0"]
[WhiteElo "2037"]
[BlackElo "1764"]
[PlyCount "81"]
[EventDate "2008.09.04"]
[EventType "swiss"]
[EventRounds "7"]
[EventCountry "GER"]
[SourceTitle "CBM 126 Extra"]
[Source "ChessBase"]
[SourceDate "2008.11.05"]
[SourceVersion "1"]
[SourceVersionDate "2008.11.05"]
[SourceQuality "1"]

1. e4 d6 2. d4 g6 3. c4 Nf6 4. Nc3 Bg7 5. h3 0-0 6. Be3 c6 7. Bd3 Nbd7 8. Nge2 e5 9. d5 Nc5 10. Bc2 cxd5 11. cxd5 a6 12. Qd2 b5 13. b4 Ncd7 14. a4 bxa4 15. Nxa4 Bb7 16. 0-0 Rc8 17. Bd3 Re8 18. g4 Qe7 19. Ng3 Kh8 20. Nb2 Nb8 21. Bg5 Qd7 22. Nc4 Qd8 23. Qe3 Qe7 24. Qb6 Red8 25. Rfc1 h6 26. Bd2 Nxd5 27. exd5 e4 28. Nxe4 Bxa1 29. Rxa1 Bxd5 30. Qd4+ f6 31. Qxd5 Kh7 32. Re1 Qf8 33. Bc3 Nd7 34. Qb7 Qg7 35. Nxf6+ Kh8 36. Nd5 Ne5 37. Qxg7+ Kxg7 38. f4 Kf7 39. fxe5 dxe5 40. Ncb6 Rxc3 41. Rf1+ 1-0

[Event "Frankfurt-ch"]
[Site "Frankfurt"]
[Date "2008.05.26"]
[Round "4"]
[White "Klyszcz, Michael"]
[Black "Moranda, Katarzyna"]
[Result "0-1"]
[WhiteElo "2038"]
[BlackElo "1858"]
[PlyCount "68"]
[EventDate "2008.04.28"]
[EventType "swiss"]
[EventRounds "7"]
[EventCountry "GER"]
[SourceTitle "EXT 2009"]
[Source "ChessBase"]
[SourceDate "2008.11.26"]
[SourceVersion "1"]
[SourceVersionDate "2008.11.26"]
[SourceQuality "1"]

1. Nf3 d5 2. b3 c5 3. Bb2 Nf6 4. e3 Nc6 5. d4 e6 6. c4 Be7 7. Nbd2 0-0 8. Bd3 b6 9. 0-0 Bb7 10. dxc5 Bxc5 11. a3 Qe7 12. b4 Bd6 13. cxd5 Nxd5 14. Nc4 Bc7 15. b5 Na5 16. Nxa5 bxa5 17. Qa4 Rfd8 18. Qc2 h6 19. Nd4 Qd6 20. g3 Ne7 21. Rfd1 Qb6 22. Rac1 Rac8 23. Qe2 e5 24. Nf5 Nxf5 25. Bxf5 Rxd1+ 26. Rxd1 Re8 27. Qc4 Bf3 28. Rd7 Qf6 29. e4 Bb6 30. a4 g6 31. Bh3 Bg4 32. Rxf7 Bxf2+ 33. Kg2 Bxh3+ 34. Kxh3 Qxf7 0-1